00569 2200193 4500001002300000005001700023006001900040008004100059035002600100084001700126100003900143245002500182260003600207300002800243650003600271990002300307990002300330990002200353NBPULOT00000000000544920140627143902.0a ||| | 171130| ||| |  a 0010-061400000000940 a 658.5 Son m0 a Prof. Dr. SOndang P. Siagian, MPA00a Manajemen Stratejik a Jakarta b Bumi Aksara c 2011 a xiii, 276 hlm c 22 cm 0a manajemen, manajemen stratejik a 18722/APBDII/2013 a 18721/APBDII/2013 a1459/APBD.II/2006